The Laplace transform

Uloženo v:
Podrobná bibliografie
Hlavní autor: Widder, David Vernon (Autor)
Médium: Kniha
Jazyk:angličtina
Vydáno: Princeton Princeton University Press 1941
Edice:Princeton Mathematical Series, 6
Témata:
Tagy: Přidat tag
Žádné tagy, Buďte první, kdo vytvoří štítek k tomuto záznamu!

MARC

LEADER 00000nam a2200000 a 4500
001 UCW1224
003 CL-VaPUC
008 911213e19410000US |||||||||||||||||eng|d
082 0 4 |a 515.723  |b WID  |2 21 
100 0 |a Widder, David Vernon  |e author  |9 305132 
245 1 4 |a The Laplace transform 
300 |a 406 p 
942 |c BK 
945 |d 19911213 00:00:00 
260 |a Princeton  |b Princeton University Press  |c 1941 
650 0 |a Transformaciones de Laplace  |9 260072 
583 |a last modification  |c 20120529 12:15:43  |k Rodrigo Vera 
490 0 |a Princeton Mathematical Series, 6 
999 |c 216143  |d 216141 
952 |0 0  |1 0  |4 0  |6 515_723000000000000_WID_1941  |7 0  |8 A  |9 201628  |a BIBMAT  |b BIBMAT  |d 2019-11-14  |i 2688859  |o 515.723 WID 1941  |p 2688859  |r 2025-01-07  |w 2019-11-14  |y BK  |k MAT 
952 |0 0  |1 0  |4 0  |6 515_723000000000000_WID_1941  |7 0  |8 A  |9 201629  |a BIBMAT  |b BIBMAT  |d 2019-11-14  |i 2688867  |o 515.723 WID 1941  |p 2688867  |r 2025-01-07  |w 2019-11-14  |y BK  |k MAT 
952 |0 0  |1 0  |4 0  |6 515_723000000000000_WID_1941  |7 0  |8 A  |9 201630  |a BIBMAT  |b BIBMAT  |d 2019-11-14  |i 2688875  |o 515.723 WID 1941  |p 2688875  |r 2025-01-07  |w 2019-11-14  |y BK  |k MAT